Basic concepts of biological science / (Record no. 1886)

MARC details
000 -LEADER
fixed length control field 00636nam a22001937a 4500
005 - DATE AND TIME OF LATEST TRANSACTION
control field 20230317020627.0
008 - FIXED-LENGTH DATA ELEMENTS--GENERAL INFORMATION
fixed length control field 230317b |||||||| |||| 00| 0 eng d
020 ## - INTERNATIONAL STANDARD BOOK NUMBER
International Standard Book Number 971-574-061-8
082 ## - DEWEY DECIMAL CLASSIFICATION NUMBER
Classification number Fil. 570 R288 2003
100 ## - MAIN ENTRY--PERSONAL NAME
Personal name Realuyo, Zenaida M.
Relator term author
245 ## - TITLE STATEMENT
Title Basic concepts of biological science /
Statement of responsibility, etc. Zenaida M. Realuyo, Virginia S. Cariño
250 ## - EDITION STATEMENT
Edition statement 3rd ed.
260 ## - PUBLICATION, DISTRIBUTION, ETC.
Place of publication, distribution, etc. Makati City:
Name of publisher, distributor, etc. Katha Publishing,
Date of publication, distribution, etc. c2003.
300 ## - PHYSICAL DESCRIPTION
Extent xiv, 245p.;
Other physical details ill.
504 ## - BIBLIOGRAPHY, ETC. NOTE
Bibliography, etc. note Includes bibliographical references and index
541 ## - IMMEDIATE SOURCE OF ACQUISITION NOTE
Accession number 1613 c.1, 1614 c.2, 1615 c.3
650 ## - SUBJECT ADDED ENTRY--TOPICAL TERM
Topical term or geographic name entry element Biology
700 ## - ADDED ENTRY--PERSONAL NAME
Personal name Cariño, Virginia S.
Relator term author
Holdings
Withdrawn status Lost status Source of classification or shelving scheme Damaged status Not for loan Home library Current library Date acquired Total Checkouts Full call number Barcode Date last seen Copy number Price effective from Koha item type
    Dewey Decimal Classification     ctu-moalboal ctu-moalboal 06/13/2011   Fil. 570 R288 2003 1613 03/17/2023 1 03/17/2023 Books-Filipiniana
    Dewey Decimal Classification     ctu-moalboal ctu-moalboal 06/13/2011   Fil. 570 R288 2003 1614 03/17/2023 2 03/17/2023 Books-Filipiniana
    Dewey Decimal Classification     ctu-moalboal ctu-moalboal 06/13/2011   Fil. 570 R288 2003 1615 03/17/2023 3 03/17/2023 Books-Filipiniana